Munda Astigitana (Registro nro. 136045)

Detalles MARC
000 -LEADER
campo de control de longitud fija 00543nam a2200157 4500
001 - NÚMERO DE CONTROL
campo de control 136045
003 - IDENTIFICADOR DE NÚMERO DE CONTROL
campo de control ES-MaACL
005 - FECHA Y HORA DE LA ÚLTIMA TRANSACCIÓN
campo de control 20230906195025.0
007 - CAMPO FIJO DE DESCRIPCIÓN FÍSICA--INFORMACIÓN GENERAL
campo de control de longitud fija t|
008 - DATOS DE LONGITUD FIJA--INFORMACIÓN GENERAL
campo de control de longitud fija 070214s1912 sp r ||||1| spa d
100 1# - ENTRADA PRINCIPAL--NOMBRE DE PERSONA
Nombre de persona Ruiz Mateos, Antonio.
9 (RLIN) 100869
245 10 - MENCIÓN DEL TÍTULO
Título Munda Astigitana
Resto del título : su fijación en Ronda bajo los puntos de vista geográfico, topográfico e histórico-militar /
Mención de responsabilidad, etc. Antonio Ruiz Mateos.
260 ## - PUBLICACIÓN, DISTRIBUCIÓN, ETC.
Lugar de publicación, distribución, etc. Cádiz :
Nombre del editor, distribuidor, etc. [s. n.],
Fecha de publicación, distribución, etc. 1912 (
Fabricante Tip. y Litografía La Gaditana)
300 ## - DESCRIPCIÓN FÍSICA
Extensión 63 p. ;
Dimensiones 22 cm.
852 ## - LOCALIZACIÓN
Ubicación ES-MaACL
Número de control de estantería 1499-F-16
Existencias
Estatus retirado Estado de pérdida Estado de daño No para préstamo Colección Biblioteca de origen Biblioteca actual Ubicación en estantería Fecha de adquisición Fuente de adquisición Total de préstamos Signatura topográfica completa Código de barras Visto por última vez Precio de reemplazo Tipo de ítem Koha
        Colección de folletos Biblioteca del Ateneo de Madrid Biblioteca del Ateneo de Madrid Depósito folletos 17/01/2008     1499-F-16 1141592 23/02/2023 23/02/2023 Folleto